[Event "Online Olym Div3 A 2021"]
[Site "chess.com INT"]
[Date "2021.08.27"]
[Round "2.3"]
[Board "2"]
[White "Sikivou, Taione"]
[Black "Subramaniam, Sumant"]
[Result "1/2-1/2"]
[WhiteTitle "CM"]
[BlackTitle "FM"]
[WhiteElo "1834"]
[BlackElo "2155"]
[WhiteTeam "Fiji"]
[BlackTeam "Malaysia"]
[WhiteFideId "11400153"]
[BlackFideId "5702720"]
[EventDate "2021.08.27"]
[EventType "team"]

1. e4 d5 2. exd5 Qxd5 3. Nf3 Bg4 4. Be2 Nc6 5. c4 Qe6 6. O-O Bxf3 7. Bxf3 Qxc4
8. b3 Qa6 9. d4 O-O-O 10. Be3 Nf6 11. Nc3 e6 12. a3 Nd5 13. Nxd5 exd5 14. b4 Bd6
15. Qb1 Ne7 16. a4 Qc4 17. b5 Qb4 18. Qc2 Qc4 19. Qb1 Qb4 20. Qc2 Qc4 21. Qb1 1/2-1/2

[Event "Online Olym Div3 A 2021"]
[Site "chess.com INT"]
[Date "2021.08.27"]
[Round "2.3"]
[Board "3"]
[White "Azhar, Puteri Munajjah Az-Zahraa"]
[Black "Lyons, Kieran"]
[Result "1-0"]
[WhiteTitle "WIM"]
[BlackTitle "WFM"]
[WhiteElo "2046"]
[BlackElo "1767"]
[WhiteTeam "Malaysia"]
[BlackTeam "Fiji"]
[WhiteFideId "5709040"]
[BlackFideId "11400102"]
[EventDate "2021.08.27"]
[EventType "team"]

1. e4 c5 2. Nf3 e6 3. d4 cxd4 4. Nxd4 Nc6 5. Nb3 Nf6 6. Bd3 Bb4+ 7. Bd2 Qc7 8.
Nc3 a6 9. O-O O-O 10. a3 Bd6 11. f4 Qb6+ 12. Kh1 Bb8 13. e5 Ne8 14. Ne4 f5 15.
exf6 Nxf6 16. Nxf6+ Rxf6 17. Qh5 Rh6 18. Qe8# 1-0

[Event "Online Olym Div3 A 2021"]
[Site "chess.com INT"]
[Date "2021.08.27"]
[Round "2.3"]
[Board "4"]
[White "Sewak, Aarti"]
[Black "Azhar, Puteri Rifqah Fahada"]
[Result "0-1"]
[BlackTitle "WFM"]
[WhiteElo "1412"]
[BlackElo "1939"]
[WhiteTeam "Fiji"]
[BlackTeam "Malaysia"]
[WhiteFideId "11400722"]
[BlackFideId "5702879"]
[EventDate "2021.08.27"]
[EventType "team"]

1. e4 c5 2. g3 e6 3. Bg2 Qc7 4. Nc3 a6 5. d3 Nf6 6. a4 d6 7. Nge2 Be7 8. h3 Nbd7
9. f4 Rb8 10. O-O b5 11. Be3 O-O 12. Nc1 b4 13. N3e2 Bb7 14. g4 Rfd8 15. Ng3 d5
16. e5 Ne8 17. Nce2 d4 18. Bf2 Bxg2 19. Kxg2 b3 20. c3 dxc3 21. Nxc3 c4 22. d4
Nc5 23. Qe2 Nd3 24. Be3 Bb4 25. Nd1 Qc6+ 26. Kh2 Nc7 27. Bg1 Nd5 28. Nh5 a5 29.
Kg3 Nb6 30. Be3 Nxa4 31. Kh2 Nb6 32. Ng3 a4 33. Nf2 Nd5 34. Nxd3 cxd3 35. Qxd3
Nxe3 36. Qxe3 Ra8 37. Rfc1 Qd5 38. Rd1 a3 39. bxa3 Rxa3 40. Rab1 Ra2+ 41. Ne2
Qc4 42. Rd3 Qc2 43. Rbxb3 Qxe2+ 44. Qxe2 Rxe2+ 45. Kg3 Be7 46. g5 Re4 47. Rb7
Kf8 48. Rdb3 Rexd4 49. h4 Rd3+ 50. Rxd3 Rxd3+ 51. Kg2 Ke8 52. Rb8+ Bd8 53. h5
Kd7 54. Rb7+ Bc7 55. Rb4 Rc3 56. Rd4+ Ke7 57. Rd2 Bb6 58. Rb2 Bc7 59. Rd2 Re3
60. Rb2 Kd7 61. Rd2+ Ke7 62. Rb2 h6 63. gxh6 gxh6 64. Rd2 Bxe5 65. fxe5 Rxe5 66.
Kg3 Rxh5 67. Kg4 Rf5 68. Re2 h5+ 69. Kh4 Kf6 70. Kh3 Rg5 71. Rf2+ Kg6 72. Kh4 f5
73. Re2 Rg4+ 74. Kh3 Kf6 75. Rh2 e5 76. Rf2 f4 77. Rc2 Kf5 78. Rc7 f3 79. Rf7+
Ke4 80. Rh7 f2 81. Rf7 Rf4 82. Rxf4+ Kxf4 83. Kg2 Ke3 84. Kf1 h4 85. Kg2 Ke2 0-1

[Event "Online Olym Div3 A 2021"]
[Site "chess.com INT"]
[Date "2021.08.27"]
[Round "2.3"]
[Board "5"]
[White "Chan, Kim Yew"]
[Black "Prasad, Rudr"]
[Result "1-0"]
[WhiteTitle "FM"]
[WhiteElo "2303"]
[BlackElo "1566"]
[WhiteTeam "Malaysia"]
[BlackTeam "Fiji"]
[WhiteFideId "5717981"]
[BlackFideId "11401095"]
[EventDate "2021.08.27"]
[EventType "team"]

1. d4 g6 2. e4 Bg7 3. Nf3 d6 4. Be2 Nf6 5. Nc3 Nc6 6. O-O O-O 7. Be3 e5 8. dxe5
dxe5 9. Bb5 Ng4 10. Bc5 Re8 11. Qxd8 Rxd8 12. Nd5 Bd7 13. Nxc7 Rac8 14. Nd5 Re8
15. Bxc6 Bxc6 16. Ne7+ Rxe7 17. Bxe7 Bxe4 18. c3 Rc7 19. Bd6 Rd7 20. Rfd1 Bc6
21. h3 e4 22. hxg4 exf3 23. Bc5 Rxd1+ 24. Rxd1 Bf6 25. Rd6 Be5 26. Rd8+ Kg7 27.
gxf3 Bxf3 28. Bd4 Bxd4 29. Rxd4 Bc6 30. Kh2 Kf6 31. Kg3 Ke5 32. f4+ Ke6 33. c4
h5 34. gxh5 gxh5 35. b4 a6 36. Kh4 Bf3 37. a4 Kf5 38. Kg3 Be4 39. c5 h4+ 40.
Kxh4 Kxf4 41. b5 Ke5 42. Rxe4+ Kxe4 43. c6 1-0

[Event "Online Olym Div3 A 2021"]
[Site "chess.com INT"]
[Date "2021.08.27"]
[Round "2.3"]
[Board "6"]
[White "Prasad, Tanvi"]
[Black "Chua, Jia-Tien"]
[Result "0-1"]
[BlackTitle "WCM"]
[WhiteElo "1165"]
[BlackElo "1822"]
[WhiteTeam "Fiji"]
[BlackTeam "Malaysia"]
[WhiteFideId "11401117"]
[BlackFideId "5710006"]
[EventDate "2021.08.27"]
[EventType "team"]

1. d4 Nf6 2. c4 g6 3. Nc3 Bg7 4. e4 d6 5. h3 Nc6 6. Nf3 O-O 7. Be3 e5 8. d5 Ne7
9. Bd3 Nd7 10. O-O h6 11. Qd2 Kh7 12. Nh2 Ng8 13. Ng4 f5 14. exf5 gxf5 15. Qe2
Kh8 16. Nh2 f4 17. Bd2 Nc5 18. Bc2 Qh4 19. Ne4 Nxe4 20. Qxe4 Bf5 21. Nf3 Qh5 22.
g4 fxg3 23. Qe3 g2 24. Kxg2 Bxh3+ 25. Kg1 Qg4+ 26. Kh2 Qg2# 0-1

[Event "Online Olym Div3 A 2021"]
[Site "chess.com INT"]
[Date "2021.08.27"]
[Round "2.4"]
[Board "1"]
[White "Yarmonov, Igor"]
[Black "Song, Raymond"]
[Result "1-0"]
[WhiteTitle "IM"]
[BlackTitle "IM"]
[WhiteElo "2394"]
[BlackElo "2485"]
[WhiteTeam "IPCA"]
[BlackTeam "Chinese Taipei"]
[WhiteFideId "14114496"]
[BlackFideId "3203824"]
[EventDate "2021.08.27"]
[EventType "team"]

1. d4 Nf6 2. Bf4 d5 3. e3 c5 4. c3 Nc6 5. Bd3 Qb6 6. Qc1 Bg4 7. Nd2 Rc8 8. Ngf3
cxd4 9. exd4 Nb4 10. Be2 Bf5 11. O-O Nd3 12. Bxd3 Bxd3 13. Re1 e6 14. Nf1 Be7
15. Ng3 O-O 16. Qd2 Be4 17. Ne5 Rfd8 18. f3 Bg6 19. Nxg6 hxg6 20. Re2 a5 21.
Rae1 a4 22. a3 Rc6 23. Nf1 Ne8 24. Ne3 Bf6 25. Nd1 Nd6 26. Bxd6 Rcxd6 27. f4 Qb3
28. Nf2 Bh4 29. g3 Be7 30. Nd3 Rb6 31. h4 Rc8 32. Ra1 Qc4 33. Qd1 Rb3 34. Rd2
Bf6 35. Kg2 Kf8 36. Qe2 Ke7 37. Re1 Kd8 38. h5 gxh5 39. Qxh5 g6 40. Qe2 b6 41.
Rh1 Kc7 42. Rh7 Rf8 43. Qxe6 Qc6 44. Rxf7+ Rxf7 45. Qxf7+ Kc8 46. Re2 Bd8 47.
Re8 Qb5 48. Qxg6 1-0

[Event "Online Olym Div3 A 2021"]
[Site "chess.com INT"]
[Date "2021.08.27"]
[Round "2.4"]
[Board "2"]
[White "Liu, Yeh Yang"]
[Black "Obodchuk, Andrei"]
[Result "0-1"]
[BlackTitle "IM"]
[WhiteElo "1994"]
[BlackElo "2303"]
[WhiteTeam "Chinese Taipei"]
[BlackTeam "IPCA"]
[WhiteFideId "16300416"]
[BlackFideId "4114310"]
[EventDate "2021.08.27"]
[EventType "team"]

1. e4 e5 2. Nf3 Nc6 3. c3 Nf6 4. d4 exd4 5. e5 Nd5 6. cxd4 d6 7. Be2 dxe5 8.
dxe5 Bb4+ 9. Bd2 Nf4 10. O-O Bxd2 11. Nbxd2 O-O 12. Bb5 Nxe5 13. Re1 Neg6 14.
Qc2 c6 15. Bf1 Bg4 16. Rad1 Qa5 17. Nc4 Qh5 18. Nce5 Rad8 19. Rxd8 Rxd8 20. Qb3
Qf5 21. Qxb7 Bxf3 22. Nxf3 Nh3+ 23. gxh3 Qxf3 24. Bg2 Qf6 25. Qxc6 Qxb2 26. Bd5
Rf8 27. Bb3 Qd2 28. Re3 Qd8 29. Qb7 a5 30. a4 Nf4 31. h4 h6 32. Re7 Qd3 33.
Bxf7+ Rxf7 34. Re8+ Kh7 35. Qe4+ Qxe4 36. Rxe4 Kg6 37. f3 Kf5 38. Kf2 Rb7 39.
Kg3 Ne6 40. Re1 Rb4 41. Ra1 Nf4 42. Ra2 Ng6 43. h5 Nf4 44. Kh4 Ne2+ 45. Kh3 Nc3
46. Rc2 Rb3 47. Rd2 Nxa4 48. Rd5+ Kf4 49. Rd4+ Kxf3 50. Rxa4 Kf2+ 51. Kg4 Rb4+
52. Rxb4 axb4 53. Kf5 b3 54. Kg6 b2 55. Kxg7 b1=Q 56. Kxh6 Qf5 57. h3 Kg3 58.
Kg7 Qxh5 0-1

[Event "Online Olym Div3 A 2021"]
[Site "chess.com INT"]
[Date "2021.08.27"]
[Round "2.4"]
[Board "3"]
[White "Aleksandrova, Aleksandra"]
[Black "Chen, Chi"]
[Result "0-1"]
[WhiteTitle "WFM"]
[WhiteElo "1731"]
[BlackElo "1588"]
[WhiteTeam "IPCA"]
[BlackTeam "Chinese Taipei"]
[WhiteFideId "4144198"]
[BlackFideId "16301633"]
[EventDate "2021.08.27"]
[EventType "team"]

1. d4 e6 2. e4 d5 3. e5 c5 4. f4 Nc6 5. Nf3 Qb6 6. a3 f6 7. b3 cxd4 8. Bd3 fxe5
9. fxe5 g6 10. O-O Bg7 11. Qe2 Nge7 12. Bf4 O-O 13. Bg3 Bd7 14. Nbd2 Nf5 15. Ng5
Nxg3 16. hxg3 Nxe5 17. Ndf3 Nxd3 18. cxd3 Rae8 19. Ne5 Bxe5 20. Qxe5 Qd8 21. Nf3
Qf6 22. Rae1 Qxe5 23. Rxe5 Rf5 24. Rfe1 Rc8 25. Nxd4 Rf6 26. Nxe6 Bxe6 27. Rxe6
Rxe6 28. Rxe6 Kf7 29. Rd6 Rc3 30. Rxd5 Rxb3 31. a4 Ra3 32. a5 Ke6 33. Rb5 Rxd3
34. Rxb7 Rd1+ 35. Kf2 Rd2+ 36. Kf3 Rd7 37. a6 Kd6 38. Rb8 Kc7 39. Rb4 Kc6 40.
Kf4 Kc5 41. Rb7 Kc6 42. Rb8 h6 43. Rh8 h5 44. Kg5 Rd3 45. Kxg6 Rxg3+ 46. Kf6
Rxg2 47. Rxh5 Ra2 48. Ke5 Ra5+ 0-1

[Event "Online Olym Div3 A 2021"]
[Site "chess.com INT"]
[Date "2021.08.27"]
[Round "2.4"]
[Board "4"]
[White "Shih, Ching-An"]
[Black "Kaydanovich, Marina"]
[Result "1-0"]
[WhiteTitle "WFM"]
[BlackTitle "WIM"]
[WhiteElo "1582"]
[BlackElo "1737"]
[WhiteTeam "Chinese Taipei"]
[BlackTeam "IPCA"]
[WhiteFideId "16300653"]
[BlackFideId "4134877"]
[EventDate "2021.08.27"]
[EventType "team"]

1. e4 c5 2. Nf3 d6 3. c3 Nf6 4. d3 Nc6 5. Be2 e5 6. Nbd2 Be7 7. Nc4 O-O 8. O-O
h6 9. a3 b5 10. Ne3 Rb8 11. b4 d5 12. exd5 Nxd5 13. Bb2 Nf4 14. Ne1 a6 15. Bf3
Bb7 16. Nf5 Qc7 17. Nxe7+ Qxe7 18. Qd2 Rfe8 19. Qe3 cxb4 20. axb4 Qd6 21. g3
Nh3+ 22. Kg2 Ng5 23. Kg1 Nxf3+ 24. Nxf3 Re6 25. Rfe1 Rbe8 26. Rad1 f5 27. Nd2
Ne7 28. f3 Ng6 29. Nb3 Qc6 30. Kf2 f4 31. Qe4 fxg3+ 32. hxg3 Qb6+ 33. Qe3 Rf6
34. Qxb6 Rxb6 35. Nc5 Ba8 36. Re3 Kf7 37. Rde1 Rd6 38. d4 Rf6 39. f4 1-0

[Event "Online Olym Div3 A 2021"]
[Site "chess.com INT"]
[Date "2021.08.27"]
[Round "2.4"]
[Board "5"]
[White "Lipilin, Ilia"]
[Black "Bai, Adelard"]
[Result "0-1"]
[WhiteTitle "FM"]
[BlackTitle "FM"]
[WhiteElo "2189"]
[BlackElo "2399"]
[WhiteTeam "IPCA"]
[BlackTeam "Chinese Taipei"]
[WhiteFideId "54113245"]
[BlackFideId "16301188"]
[EventDate "2021.08.27"]
[EventType "team"]

1. f4 d5 2. Nf3 c5 3. d3 Nf6 4. g3 Nc6 5. Bg2 g6 6. c3 Bg7 7. O-O O-O 8. Qc2 d4
9. e4 dxe3 10. Bxe3 Bf5 11. Rd1 c4 12. Ne1 Ng4 13. Qe2 Nd4 14. Qd2 cxd3 15. Na3
Ne2+ 16. Kh1 e5 17. Nxd3 Bxd3 18. Qxd3 Qxd3 19. Rxd3 exf4 20. gxf4 Nxf4 21. h3
Nxd3 22. hxg4 Nxb2 23. Rb1 Bxc3 24. Nb5 Be5 25. Bxa7 Rad8 26. Bxb7 Rd2 27. Re1
Nd3 28. Rf1 Rxa2 29. Bd5 Rb2 30. Na3 Nf4 31. Bf3 Rc8 32. Nb1 Rcc2 33. Bg1 Nh3
34. Be4 Rh2+ 35. Bxh2 Rxh2# 0-1

[Event "Online Olym Div3 A 2021"]
[Site "chess.com INT"]
[Date "2021.08.27"]
[Round "2.5"]
[Board "1"]
[White "Kulpruethanon, Thanadon"]
[Black "Lee, Jun Hyeok"]
[Result "0-1"]
[WhiteTitle "FM"]
[BlackTitle "IM"]
[WhiteElo "2278"]
[BlackElo "2404"]
[WhiteTeam "Thailand"]
[BlackTeam "South Korea"]
[WhiteFideId "6201610"]
[BlackFideId "13202340"]
[EventDate "2021.08.27"]
[EventType "team"]

1. Nf3 Nf6 2. g3 g6 3. b3 Bg7 4. Bb2 O-O 5. Bg2 d6 6. d4 b5 7. O-O Bb7 8. Nbd2
Nbd7 9. a4 b4 10. Re1 c5 11. e4 cxd4 12. Nxd4 Nc5 13. f4 Rc8 14. e5 dxe5 15.
fxe5 Bxg2 16. Kxg2 Nd5 17. Nc4 Qd7 18. Qf3 f5 19. Rad1 Ne4 20. Nb5 Qb7 21. Nd4
Ng5 22. Qf1 0-1

[Event "Online Olym Div3 A 2021"]
[Site "chess.com INT"]
[Date "2021.08.27"]
[Round "2.5"]
[Board "2"]
[White "Kwon, Sehyun"]
[Black "Arunnuntapanich, Tinnakrit"]
[Result "1-0"]
[WhiteTitle "CM"]
[WhiteElo "2195"]
[BlackElo "2094"]
[WhiteTeam "South Korea"]
[BlackTeam "Thailand"]
[WhiteFideId "13203088"]
[BlackFideId "6202039"]
[EventDate "2021.08.27"]
[EventType "team"]

1. e4 c5 2. Nf3 d6 3. Bb5+ Bd7 4. Bxd7+ Nxd7 5. O-O Ngf6 6. Qe2 g6 7. c3 Bg7 8.
d4 e6 9. Rd1 Qc7 10. Na3 a6 11. Nc4 b5 12. Nxd6+ Qxd6 13. e5 Qc7 14. exf6 Nxf6
15. d5 O-O 16. dxe6 Rae8 17. exf7+ Rxf7 18. Qc2 Ng4 19. h3 Ne5 20. Nxe5 Bxe5 21.
Be3 Bh2+ 22. Kh1 Bf4 23. Bxf4 Qxf4 24. Kg1 Rfe7 25. Qd3 Re2 26. Qd5+ Kh8 27.
Qxc5 Rxb2 28. a4 Rf8 29. Rf1 Qc4 30. Qxf8+ 1-0

[Event "Online Olym Div3 A 2021"]
[Site "chess.com INT"]
[Date "2021.08.27"]
[Round "2.5"]
[Board "3"]
[White "Promsirinimit, Pornouma"]
[Black "Eynula, Roza"]
[Result "0-1"]
[BlackTitle "WFM"]
[WhiteElo "1559"]
[BlackElo "2069"]
[WhiteTeam "Thailand"]
[BlackTeam "South Korea"]
[WhiteFideId "6204171"]
[BlackFideId "2019531"]
[EventDate "2021.08.27"]
[EventType "team"]

1. e4 e6 2. d4 d5 3. exd5 exd5 4. Bd3 c6 5. Nf3 Bd6 6. O-O Ne7 7. Nc3 f6 8. Ne2
O-O 9. Bf4 Bg4 10. Bxd6 Qxd6 11. Ng3 h5 12. h3 h4 13. hxg4 hxg3 14. fxg3 Qxg3
15. Qe2 Rf7 16. Qe6 Qf4 17. Rae1 Na6 18. Ne5 Qxd4+ 19. Rf2 Rf8 20. Nxf7 Rxf7 21.
g5 Nc5 22. Qh3 f5 23. g6 Nxg6 24. Re8+ Nf8 25. Bxf5 g6 26. c3 Qf6 27. Qg4 Nd3
28. Rf3 Ne5 29. Bxg6 Nxf3+ 30. gxf3 Rg7 31. Qc8 Rxg6+ 32. Kf2 Qh4+ 33. Ke3 Qe1+
34. Kd3 Qd1+ 35. Ke3 Re6+ 36. Rxe6 Qe1+ 37. Kd4 Qxe6 38. Qxb7 Nd7 39. Qxa7 Kf7
40. a4 Kf6 41. Qa6 c5+ 42. Kd3 Qxa6+ 0-1

[Event "Online Olym Div3 A 2021"]
[Site "chess.com INT"]
[Date "2021.08.27"]
[Round "2.5"]
[Board "4"]
[White "Kim, Taegyeong"]
[Black "Taweesupmun, Chanida"]
[Result "1-0"]
[WhiteTitle "WCM"]
[BlackTitle "WCM"]
[WhiteElo "1523"]
[BlackElo "1618"]
[WhiteTeam "South Korea"]
[BlackTeam "Thailand"]
[WhiteFideId "13200976"]
[BlackFideId "6200117"]
[EventDate "2021.08.27"]
[EventType "team"]

1. d4 Nf6 2. c4 e6 3. Nc3 d5 4. Bg5 Be7 5. cxd5 exd5 6. e3 c6 7. Bd3 O-O 8. Qc2
h6 9. Bh4 Bg4 10. h3 Be6 11. Nf3 Nbd7 12. O-O Rc8 13. Na4 Qa5 14. a3 c5 15. dxc5
Nxc5 16. Nxc5 Qxc5 17. Qxc5 Rxc5 18. Ne5 Rfc8 19. Rfd1 g5 20. Bg3 Ne8 21. Nf3
Nd6 22. Nd4 Nc4 23. b4 R5c6 24. Nxc6 Rxc6 25. Rdc1 Bf6 26. Ra2 b5 27. Bb8 a6 28.
Ba7 Rc7 29. Bd4 Re7 30. Bxf6 1-0

[Event "Online Olym Div3 A 2021"]
[Site "chess.com INT"]
[Date "2021.08.27"]
[Round "2.5"]
[Board "5"]
[White "Laohawirapap, Prin"]
[Black "Noh, Jinwoo"]
[Result "1-0"]
[WhiteTitle "CM"]
[WhiteElo "2125"]
[BlackElo "1489"]
[WhiteTeam "Thailand"]
[BlackTeam "South Korea"]
[WhiteFideId "6205003"]
[BlackFideId "13211307"]
[EventDate "2021.08.27"]
[EventType "team"]

1. e4 c5 2. Nc3 Nc6 3. Bb5 Nd4 4. Nf3 a6 5. Bd3 g6 6. b4 cxb4 7. Nd5 Nxf3+ 8.
Qxf3 Nf6 9. Rb1 a5 10. a3 Bg7 11. O-O d6 12. axb4 axb4 13. Rxb4 O-O 14. Bb2 Nxd5
15. exd5 Bxb2 16. Rxb2 Qc7 17. Rfb1 e6 18. dxe6 fxe6 19. Qe3 Ra5 20. h4 Re5 21.
Qg3 Qe7 22. Rb6 Rd8 23. Bf1 Rh5 24. R6b4 e5 25. Be2 Rf5 26. Bg4 Rf4 27. Rxf4
exf4 28. Qxf4 Bxg4 29. Qxg4 Rf8 30. h5 Qf7 31. Qg3 Rd8 32. hxg6 hxg6 33. Rb6 Qf5
34. Qb3+ d5 35. Rxb7 Re8 36. Rb8 Rxb8 37. Qxb8+ Kg7 38. Qc7+ Kh6 39. d3 Qg5 40.
Qc5 Qc1+ 41. Kh2 Qf4+ 42. g3 Qf5 43. c4 Qxd3 44. cxd5 g5 45. d6 Kh5 46. Qe5 Qf1
47. Qf5 Kh6 48. Qh3+ Qxh3+ 49. Kxh3 1-0

[Event "Online Olym Div3 A 2021"]
[Site "chess.com INT"]
[Date "2021.08.27"]
[Round "2.5"]
[Board "6"]
[White "Cho, Yeonhee"]
[Black "Chuemsakul, Sarocha"]
[Result "0-1"]
[WhiteTitle "WCM"]
[BlackTitle "WFM"]
[WhiteElo "1423"]
[BlackElo "1686"]
[WhiteTeam "South Korea"]
[BlackTeam "Thailand"]
[WhiteFideId "13201190"]
[BlackFideId "6203710"]
[EventDate "2021.08.27"]
[EventType "team"]

1. e4 c5 2. Nf3 d6 3. d4 cxd4 4. Nxd4 Nf6 5. Nc3 a6 6. Be3 e6 7. Qd2 Be7 8. h3
d5 9. e5 Nfd7 10. f4 Nc6 11. O-O-O O-O 12. g3 Qc7 13. g4 b5 14. h4 Bb7 15. g5
Rac8 16. h5 Nxd4 17. Bxd4 Bc5 18. Ne2 Nb6 19. Bxc5 Qxc5 20. Nd4 Nc4 21. Qd3 Qb4
22. Nb3 a5 23. c3 Qa4 24. Kb1 b4 25. Rc1 bxc3 0-1

[Event "Online Olym Div3 A 2021"]
[Site "chess.com INT"]
[Date "2021.08.27"]
[Round "3.1"]
[Board "1"]
[White "Lee, Jun Hyeok"]
[Black "Thing, Bibek"]
[Result "1/2-1/2"]
[WhiteTitle "IM"]
[BlackTitle "CM"]
[WhiteElo "2404"]
[BlackElo "2190"]
[WhiteTeam "South Korea"]
[BlackTeam "Nepal"]
[WhiteFideId "13202340"]
[BlackFideId "12303135"]
[EventDate "2021.08.27"]
[EventType "team"]

1. e4 e5 2. Nf3 Nc6 3. Be2 Nf6 4. d3 d5 5. Nbd2 dxe4 6. dxe4 Bd6 7. O-O O-O 8.
c3 Bg4 9. h3 Bh5 10. Qc2 Qe7 11. Re1 Rad8 12. Nf1 Bc5 13. b4 Bb6 14. Ng3 Bxf3
15. Bxf3 Qe6 16. Be2 Ne7 17. a4 a6 18. Qa2 Qc6 19. Bc4 Ng6 20. b5 axb5 21. axb5
Qd7 22. Ba3 Rfe8 23. Qb3 Nh8 24. Rad1 Qc8 25. Nf5 Nxe4 26. Rxd8 Bxf2+ 27. Kh2
Qxd8 28. Rxe4 Qg5 29. Ne7+ Rxe7 30. Bxe7 Bg3+ 31. Kg1 Qxe7 32. Qd1 Ng6 33. Qd5
h6 34. Rg4 Nf4 35. Qe4 Qc5+ 36. Kh1 Qf2 37. Bxf7+ Kxf7 38. Qf5+ Kg8 39. Qc8+ Kh7
40. Qf5+ Kg8 41. Qc8+ Kh7 42. Qf5+ Kg8 1/2-1/2

[Event "Online Olym Div3 A 2021"]
[Site "chess.com INT"]
[Date "2021.08.27"]
[Round "3.1"]
[Board "2"]
[White "Jaiswal, Rupesh"]
[Black "Kwon, Sehyun"]
[Result "0-1"]
[WhiteTitle "FM"]
[BlackTitle "CM"]
[WhiteElo "2102"]
[BlackElo "2195"]
[WhiteTeam "Nepal"]
[BlackTeam "South Korea"]
[WhiteFideId "12300870"]
[BlackFideId "13203088"]
[EventDate "2021.08.27"]
[EventType "team"]

1. e4 c6 2. d4 d5 3. exd5 cxd5 4. Bd3 Nc6 5. c3 Nf6 6. Bf4 Bg4 7. Qb3 e5 8. Bxe5
Qe7 9. Ne2 Nxe5 10. dxe5 Qxe5 11. f3 Bd7 12. Nd2 Bd6 13. O-O-O O-O 14. Nd4 a6
15. Rde1 Qg5 16. g3 b5 17. f4 Qg4 18. N2f3 Rfe8 19. Kb1 Rab8 20. Ne5 Bxe5 21.
fxe5 Ne4 22. Qxd5 Nf2 23. h3 Qxg3 24. Bc2 Nxh1 25. Rxh1 Be6 26. Qe4 g6 27. h4
Rbd8 28. Nxe6 Rxe6 29. Re1 Rde8 30. Qb7 Qxe1+ 0-1

[Event "Online Olym Div3 A 2021"]
[Site "chess.com INT"]
[Date "2021.08.27"]
[Round "3.1"]
[Board "3"]
[White "Eynula, Roza"]
[Black "Adhikari, Kritisara"]
[Result "1-0"]
[WhiteTitle "WFM"]
[WhiteElo "2069"]
[BlackElo "1445"]
[WhiteTeam "South Korea"]
[BlackTeam "Nepal"]
[WhiteFideId "2019531"]
[BlackFideId "12315583"]
[EventDate "2021.08.27"]
[EventType "team"]

1. d4 Nf6 2. c4 g6 3. Nc3 Bg7 4. e4 d6 5. Be2 O-O 6. Nf3 Nbd7 7. Be3 b6 8. O-O
Bb7 9. Nd2 c5 10. d5 Bc8 11. a4 Ne5 12. f3 Rb8 13. Qc2 a6 14. Nb3 Qc7 15. a5
Ned7 16. Rfb1 bxa5 17. Nxa5 Bb7 18. Nxb7 Qxb7 19. Ra2 Ne5 20. h3 Ra8 21. Ra4
Rfb8 22. Bd1 Ned7 23. f4 Nb6 24. Ra2 Nxc4 25. Bf2 Nd7 26. b3 Ncb6 27. Bf3 Qc7
28. Rba1 Qb7 29. e5 Qc8 30. e6 Nf6 31. exf7+ Kxf7 32. Re1 Ra7 33. Qe2 Qd8 34.
Bh4 Kg8 35. Rxa6 Rxa6 36. Qxa6 Kh8 37. f5 gxf5 38. Qd3 Qc8 39. Re6 Qd8 40. Qxf5
Nbd7 41. Ne4 Rxb3 42. Ng5 Qa8 43. Rxe7 h6 44. Qg6 Qa1+ 45. Kh2 Ng4+ 46. hxg4
Be5+ 47. Bg3 Bxg3+ 48. Kxg3 Qe1+ 49. Rxe1 1-0

[Event "Online Olym Div3 A 2021"]
[Site "chess.com INT"]
[Date "2021.08.27"]
[Round "3.1"]
[Board "4"]
[White "Yadav, Sneha"]
[Black "Kim, Taegyeong"]
[Result "0-1"]
[BlackTitle "WCM"]
[WhiteElo "1524"]
[BlackElo "1523"]
[WhiteTeam "Nepal"]
[BlackTeam "South Korea"]
[WhiteFideId "12319945"]
[BlackFideId "13200976"]
[EventDate "2021.08.27"]
[EventType "team"]

1. e4 Nf6 2. Nc3 e5 3. Nf3 Nc6 4. Bc4 Nxe4 5. Nxe4 d5 6. Bxd5 Qxd5 7. Nc3 Qd8 8.
h3 Bf5 9. O-O Bd6 10. d3 O-O 11. Bd2 Re8 12. Re1 Bb4 13. a3 Ba5 14. Rb1 a6 15.
Na4 Bxd2 16. Qxd2 e4 17. dxe4 Bxe4 18. Qxd8 Raxd8 19. Nc5 Bxc2 20. Nxb7 Bxb1 21.
Nxd8 Rxe1+ 22. Nxe1 Nxd8 23. Nf3 c5 24. Kf1 Bd3+ 25. Ke1 f6 26. Kd2 Bf1 27. Ne1
Ne6 28. h4 Kf7 29. g3 Nd4 30. Kc3 Ke6 31. Nd3 Bxd3 32. Kxd3 Kd5 33. a4 a5 34. h5
g6 35. hxg6 hxg6 36. g4 Nf3 37. Ke3 Ne5 38. f3 Nc4+ 39. Kd3 Nxb2+ 40. Ke3 Nxa4
41. Kf4 Kd4 42. g5 fxg5+ 43. Kxg5 c4 44. Kxg6 c3 45. f4 c2 46. f5 c1=Q 47. f6
Qg1+ 48. Kf7 Ke5 49. Ke7 Qa7+ 50. Kf8 Ke6 51. Kg8 Kxf6 52. Kh8 Qg7# 0-1

[Event "Online Olym Div3 A 2021"]
[Site "chess.com INT"]
[Date "2021.08.27"]
[Round "3.1"]
[Board "5"]
[White "Noh, Jinwoo"]
[Black "Kusatha, Niken"]
[Result "0-1"]
[WhiteElo "1489"]
[BlackElo "1984"]
[WhiteTeam "South Korea"]
[BlackTeam "Nepal"]
[WhiteFideId "13211307"]
[BlackFideId "12314560"]
[EventDate "2021.08.27"]
[EventType "team"]

1. c4 f5 2. Nf3 Nf6 3. g3 e6 4. Bg2 Be7 5. Nc3 O-O 6. O-O c6 7. d4 d6 8. Qc2 Qc7
9. e4 fxe4 10. Nxe4 d5 11. Bf4 Qd8 12. Nxf6+ Bxf6 13. Be5 Nd7 14. Rfe1 Nxe5 15.
dxe5 Be7 16. Rad1 Qb6 17. b3 Bd7 18. Nd4 Bc5 19. Qd3 Be8 20. Rf1 Bg6 21. Qd2
Bxd4 22. Qxd4 c5 23. Qd2 d4 24. f4 Bh5 25. Rde1 Bg6 26. Be4 Bxe4 27. Rxe4 a5 28.
g4 Qc6 29. Qd3 a4 30. b4 cxb4 31. Rxd4 Qc5 32. Kg2 b3 33. axb3 axb3 34. Rb1 Ra2+
35. Kg3 b2 36. Qd2 Ra3+ 37. Rd3 Rd8 0-1